<?xml version="1.0" encoding="UTF-8"?>
<record
    xmlns:xsi="http://www.w3.org/2001/XMLSchema-instance"
    xsi:schemaLocation="http://www.loc.gov/MARC21/slim http://www.loc.gov/standards/marcxml/schema/MARC21slim.xsd"
    xmlns="http://www.loc.gov/MARC21/slim">

  <leader>00628nam a2200169Ia 4500</leader>
  <controlfield tag="008">090711s9999    xx            000 0 und d</controlfield>
  <datafield tag="082" ind1=" " ind2=" ">
    <subfield code="b">73438</subfield>
  </datafield>
  <datafield tag="100" ind1=" " ind2=" ">
    <subfield code="a">&#x938;&#x93E;&#x935;&#x902;&#x924; &#x935;&#x938;&#x902;&#x924;</subfield>
  </datafield>
  <datafield tag="245" ind1=" " ind2=" ">
    <subfield code="a">&#x92E;&#x93E;&#x91D;&#x94D;&#x92F;&#x93E; &#x926;&#x93E;&#x930;&#x93E;&#x924;&#x932;&#x947; &#x938;&#x94B;&#x928;S&#x93E;&#x93E;&#x92B;&#x94D;&#x92F;&#x93E;S&#x94B; &#x91D;&#x93E;&#x921;</subfield>
  </datafield>
  <datafield tag="260" ind1=" " ind2=" ">
    <subfield code="c">1993</subfield>
  </datafield>
  <datafield tag="300" ind1=" " ind2=" ">
    <subfield code="a">76</subfield>
  </datafield>
  <datafield tag="600" ind1=" " ind2=" ">
    <subfield code="a">&#x938;&#x93E;&#x935;&#x902;&#x924; &#x935;&#x938;&#x902;&#x924;</subfield>
  </datafield>
  <datafield tag="630" ind1=" " ind2=" ">
    <subfield code="a">&#x92E;&#x93E;&#x91D;&#x94D;&#x92F;&#x93E; &#x926;&#x93E;&#x930;&#x93E;&#x924;&#x932;&#x947; &#x938;&#x94B;&#x928;S&#x93E;&#x93E;&#x92B;&#x94D;&#x92F;&#x93E;S&#x94B; &#x91D;&#x93E;&#x921;</subfield>
  </datafield>
  <datafield tag="700" ind1=" " ind2=" ">
    <subfield code="a">&#x938;&#x93E;&#x935;&#x902;&#x924; &#x935;&#x938;&#x902;&#x924;</subfield>
  </datafield>
  <datafield tag="730" ind1=" " ind2=" ">
    <subfield code="a">&#x92E;&#x93E;&#x91D;&#x94D;&#x92F;&#x93E; &#x926;&#x93E;&#x930;&#x93E;&#x924;&#x932;&#x947; &#x938;&#x94B;&#x928;S&#x93E;&#x93E;&#x92B;&#x94D;&#x92F;&#x93E;S&#x94B; &#x91D;&#x93E;&#x921;</subfield>
  </datafield>
  <datafield tag="942" ind1=" " ind2=" ">
    <subfield code="c">BOOK</subfield>
  </datafield>
  <datafield tag="999" ind1=" " ind2=" ">
    <subfield code="c">320672</subfield>
    <subfield code="d">320672</subfield>
  </datafield>
  <datafield tag="952" ind1=" " ind2=" ">
    <subfield code="0">0</subfield>
    <subfield code="1">0</subfield>
    <subfield code="4">0</subfield>
    <subfield code="7">0</subfield>
    <subfield code="a">DASAVA</subfield>
    <subfield code="b">DASAVA</subfield>
    <subfield code="d">2009-07-11</subfield>
    <subfield code="g">60.00</subfield>
    <subfield code="l">0</subfield>
    <subfield code="o">73438</subfield>
    <subfield code="p">DASAVA-73438</subfield>
    <subfield code="r">2009-07-11 00:00:00</subfield>
    <subfield code="v">60.00</subfield>
    <subfield code="w">2009-07-11</subfield>
    <subfield code="y">BOOK</subfield>
  </datafield>
</record>
